| 000 | 01143nam a2200313 c 4500 | ||
|---|---|---|---|
| 003 | BLK | ||
| 005 | 20181105114231.0 | ||
| 008 | 180413b bul|||||r ||||||| ||bul|| | ||
| 010 | _aKNG00022964000 | ||
| 020 |
_a954-732-001-7 _bиздат.: Коломбина |
||
| 040 | _aBLK | ||
| 041 |
_aBUL _cBUL |
||
| 080 |
_aАмериканска литература (на САЩ) _b821.111(73) _x-31 _z821.111(73)-31 |
||
| 100 | 1 |
_aДелински, Барбара _eпърви автор _959608 |
|
| 139 |
_aДелински, Барбара _bД 37 |
||
| 245 | 1 | 0 |
_aЛюбовен кръстопът _b[Роман] _cБарбара Делински. |
| 257 | _aUSA | ||
| 260 |
_аСофия _bКоломбина _c1998 _fСофия : Балкан прес |
||
| 300 |
_a222 с. _c20 см |
||
| 380 | _aX | ||
| 490 | 1 | _aHarlequin | |
| 490 | 1 |
_3Подсерия _aСупер романс _v16 |
|
| 500 | _aОриг. загл. Twelve across / Barbara Delinsky. - 2 300 тир. | ||
| 852 | _aЦб 196190 | ||
| 856 | 4 |
_qpdf _u |
|
| 856 | 4 |
_qpdf _u |
|
| 942 |
_cKNG _n0 _01 |
||
| 944 |
_aCR _c15.01.2003 _kAB_DOS |
||
| 944 |
_aED _c15.02.2017 _kХристина_Везирева |
||
| 999 |
_c20726 _d20726 |
||